| 000 | 00776cam a22002175a 4500 | ||
|---|---|---|---|
| 005 | 20091109141235.0 | ||
| 008 | 090114s2009 wau 000 0 eng | ||
| 010 | _aENG-95663 | ||
| 020 |
_a9788120337732 _c250.00 |
||
| 035 | _aEN-79196 | ||
| 037 | _aDBAD/PUB | ||
| 040 | _aDPL | ||
| 100 | _aBergr, Arthur Asa | ||
| 245 |
_aThe acadmic writer's toolkit _cby Arthur Asa Berger _ba user's manual |
||
| 260 |
_aNew Delhi _bPHI Learning P.Ltd. _c2009. |
||
| 300 |
_aviii, 166p. _c24cm.(Pbk) |
||
| 500 | _aIncludes Bibliography ref. and Index | ||
| 942 |
_2ddc _cEN _mBER |
||
| 999 |
_c33179 _d33179 |
||